| 000 | 00796cab a2200265 4500 | ||
|---|---|---|---|
| 001 | WB3119-06 | ||
| 008 | 090401t1995 xxu||||| |||| 00| 0 eng d | ||
| 035 | _a(Sirsi) u70481 | ||
| 041 | _aeng | ||
| 245 | _aPFI could break the law | ||
| 260 | _c1995 | ||
| 350 | _a0 | ||
| 490 |
_aContract Journal _v378(6024) 11 May 1995, 2(1) |
||
| 520 | _aBidding for Public Finance Initative (PFI) projects may conflict with the Public Works Contracts Regulations 1991, according to a report from Wilde Sapte. | ||
| 650 | _aBIDDING | ||
| 650 | _aPFI | ||
| 650 | _aPUBLIC FINANCE INITIATIVES | ||
| 650 | _aPUBLIC WORKS CONTRACTORS REGULATIONS 1991 | ||
| 650 | _aRISK ALLOCATION | ||
| 650 | _aRISK | ||
| 650 | _aTENDERING | ||
| 690 | _aBUILT ENVIRONMENT | ||
| 942 | _n0 | ||
| 948 | _c04/03/1997 | ||
| 999 |
_c44331 _d44331 |
||